QUEST Central Library Banner

Energy Crisis in Pakistan (Record no. 16488)

MARC details
000 -LEADER
fixed length control field 00444nam a22001817a 4500
022 ## - INTERNATIONAL STANDARD SERIAL NUMBER
ISSN 9780195478761
082 ## - DEWEY DECIMAL CLASSIFICATION NUMBER
Classification number 628ASI
100 ## - MAIN ENTRY--AUTHOR NAME
Personal name Muhammad Asif
245 ## - TITLE STATEMENT
Title Energy Crisis in Pakistan
260 ## - PUBLICATION, DISTRIBUTION, ETC. (IMPRINT)
Place of publication Oxford:
Name of publisher Oxford University Press,
Year of publication 2012.
300 ## - PHYSICAL DESCRIPTION
Number of Pages 259p. ;
650 ## - SUBJECT ADDED ENTRY--TOPICAL TERM
Topical Term Power resources
650 ## - SUBJECT ADDED ENTRY--TOPICAL TERM
Topical Term Pakistan
650 ## - SUBJECT ADDED ENTRY--TOPICAL TERM
Topical Term Energy policy
650 ## - SUBJECT ADDED ENTRY--TOPICAL TERM
Topical Term Renewable energy sources
650 ## - SUBJECT ADDED ENTRY--TOPICAL TERM
Topical Term Energy development
942 ## - ADDED ENTRY ELEMENTS (KOHA)
Koha item type Books
Holdings
Withdrawn status Lost status Home library Current library Date acquired Cost, normal purchase price Full call number Accession Number Koha item type
    Central Library, QUEST, Nawabshah Central Library, QUEST, Nawabshah 14/07/2016 725.00 628ASI 54085 Books

Copyright © 2018,The QUEST, Nawabshah, Shaheed Benazirabad. All rights reserved
Mr. G. Farooq Channar (Librarian) QUEST, Nawabshah, Sindh, Pakistan 67480.
 Ph#: |   0244-9370381-4 Ext. 2308   Email| lib@quest.edu.pk   Web|  http://www.quest.edu.pk